000 00267nam a2200133Ia 4500
100 _aInstitute of Mgt Studies
942 _cBK
654 _aOrientation
245 _aOrientation Course
260 _bIMS
082 _a658
_bIMS
546 _aENGLISH
999 _c32036
_d32036